MARC

Tag First Indicator Second Indicator Subfields
LEADER 00000cam a22000001 4500
001 in00004582721
008 740402r19651850nyu b 000 0 fre
005 20220616214623.5
010 |a  70006349  
035 |a (OCoLC)ocm00847517 
035 |a (OCoLC)ocm00847517 
040 |a DLC  |b eng  |c DLC  |d KSU  |d SER  |d CLU  |d EUX  |d OCLCF  |d OCLCO  |d OCLCQ  |d OCLCA  |d VTU  |d OCL  |d IL4J6  |d OCLCO 
019 |a 221128341 
035 |a (OCoLC)847517  |z (OCoLC)221128341 
042 |a premarc 
050 0 0 |a Z2181.M47  |b M82 
082 1 4 |a 016.94403  |b M813b 
090 |a Z2181.M47 ‡b M82 1965 
100 1 |a Moreau, C.  |q (Célestin),  |d 1805-1888. 
245 1 0 |a Bibliographie des mazarinades.  |c Publiée pour la Société de l'histoire de France, par C. Moreau. 
264 1 |a New York :  |b B. Franklin,  |c [1965] 
300 |a 3 volumes  |c 24 cm 
336 |a text  |b txt  |2 rdacontent 
337 |a unmediated  |b n  |2 rdamedia 
338 |a volume  |b nc  |2 rdacarrier 
490 1 |a Burt Franklin bibliography and reference series,  |v 66 
500 |a Reprint of the edition published in Paris, 1850-51. 
500 |a 4082 titles; additions and corrections, 229 titles. 
500 |a Volume 3 contains: Liste alphabétique des imprimeurs et libraires; Liste chronologique des mazarinades; Table analytique des mazarinades (p. 283-418). 
500 |a Supplements to Moreau's Bibliographie des Mazarinades on separate catalog record.  |5 TXA 
505 0 |a t. l. A-F -- t. 2. G-Q -- t. 3. R-Z. 
600 1 0 |a Mazarin, Jules,  |d 1602-1661  |v Bibliography. 
650 0 |a Mazarinades  |v Bibliography. 
650 6 |a Mazarinades  |v Bibliographie. 
600 1 7 |a Mazarin, Jules,  |d 1602-1661.  |2 fast  |0 (OCoLC)fst00019431 
650 7 |a Mazarinades.  |2 fast  |0 (OCoLC)fst01012904 
600 1 7 |a Mazarin, Jules,  |d 1602-1661  |v Bibliography.  |2 nli 
650 7 |a Fronde  |v Bibliography.  |2 nli 
650 7 |a Mazarinades  |v Bibliography.  |2 nli 
651 7 |a France  |x History  |y 17thcentury  |v Bibliography.  |2 nli 
655 7 |a Bibliographies.  |2 fast  |0 (OCoLC)fst01919895 
700 1 |a Haeghen, Ph. van der  |q (Philippe),  |d 1825-1886. 
700 1 |a Socard, Émile,  |d 1818-1889. 
700 1 |a Labadie, Ernest,  |d 1845-1917. 
776 0 8 |i Online version:  |a Moreau, C. (Célestin), 1805-  |t Bibliographie des mazarinades.  |d New York, B. Franklin [1965]  |w (OCoLC)970622262 
830 0 |a Burt Franklin bibliography & reference series ;  |v 66. 
029 1 |a AU@  |b 000009478903 
029 1 |a AU@  |b 000027952831 
994 |a Z0  |b TXA 
948 |h HELD BY TXA - 57 OTHER HOLDINGS 
999 f f |s a573ff97-3fab-4885-891d-f3fb9de6028b  |i a573ff97-3fab-4885-891d-f3fb9de6028b  |t 0 
952 f f |p noncirc  |a Texas A&M University  |b College Station  |c Cushing Memorial Library & Archives  |d Cushing: Dawson French (Does not check out)  |t 0  |e Z2181.M47 M82 1965  |h Library of Congress classification  |i unmediated -- volume  |k v.1 
952 f f |p noncirc  |a Texas A&M University  |b College Station  |c Cushing Memorial Library & Archives  |d Cushing: Dawson French (Does not check out)  |t 0  |e Z2181.M47 M82 1965  |h Library of Congress classification  |i unmediated -- volume  |k v.3 
952 f f |p noncirc  |a Texas A&M University  |b College Station  |c Cushing Memorial Library & Archives  |d Cushing: Dawson French (Does not check out)  |t 0  |e Z2181.M47 M82 1965  |h Library of Congress classification  |i unmediated -- volume  |k v.2 
998 f f |a Z2181.M47 M82 1965  |s v.1-v.3  |t 0  |l Cushing: Dawson French (Does not check out)